000 01714namaa22003731i 4500
003 EG-GICUC
005 20260225104516.0
008 260225m19771978iq ||||jr|||| 000 0 ara d
017 _a1977-8-31
_bالمكتبة الوطنية (العراق)
040 _aEG-GiCUC
_bara
_cEG-GiCUC
_dEG-GiCUC
_erda
082 0 4 _221
_a257.5
_bS1268
092 0 4 _221
_a257.5
_bS1268
099 _a257.5 S1268
100 1 _aصدر الشهيد، عمر بن عبد العزيز
_d1090 او 1091-1141
_eمؤلف.
245 1 _aكتاب شرح ادب القاضى للخصاف /
_cتأليف برهان الأئمة حسام الدين عمر بن عبد العزيز بن مازة البخارى المعروف بالصدر الشهيد ؛ تحقيق محيى هلال السرحان
250 _aالطبعة الاولى
264 _aبغداد (العراق) :
_bالناشر غير محدد،
_c1977-1978
264 3 _aبغداد (العراق) :
_bمطبعة بغداد،
_c1977-1978
300 _a؛ 4 مجلدات
_c24 سم
336 _2rdacontent
_atext
337 _2rdamedia
_aUnmediated
338 _2rdacarrier
_avolume
490 _aإحياء التراث الاسلامى ؛
_v28
504 _aيشتمل على ارجاعات ببليوجرافية
541 _aد. جابر عصفور ؛
_bالقاهرة ؛
_cإهداء ؛
_d2024.
600 _aالخصاف، أحمد بن عمر،
_d874 أو 875.
_tأدب القاضى
650 1 7 _aالقضاء فى الاسلام
_2qrmak
650 1 7 _aالفقه الاسلامى
_2qrmak
650 1 7 _aالفقه الحنفى
_2qrmak
651 1 _2qrmak
700 1 _aالسرحان، محيى هلال
_eمحقق.
905 _aHuda
942 _2ddc
_cBK
_e21
_n0
999 _c178714
_d178714